000 00654nam a2200217Ii 4500
003 JO-AjNU
008 230606s9999||||xx |||||||||||||| ||und||
020 _a978-0-321-43084-7
040 _aJO-AjNU
_beng
_erda
_cJO-AjNU
041 _aeng
050 1 4 _aQA76.76.H94.C3698.2007
100 3 _aElmasri,Ramez,
_eauthor
_9651
245 0 0 _aDATAbases Systems MODEL languges Design And APPLICATION Programming
250 _a6 ed
264 3 1 _aPeachpit PRESS:USA,2007
300 _a456p
336 _atext
_btxt
_2rdacontent
337 _aunmediated
_bn
_2rdamedia
338 _avolume
_bnc
_2rdacarrier
650 4 _a HTML (Document markup language) 
_9652
999 _aE344
_c344
_d344